000 00536nam a2200193Ia 4500
008 120719t1996 xxu||||| |||| 00| 0 sin d
041 _asin
080 _a8-31
_bSTE
100 _aSteinbeck,John
245 _aසඳ බැස ඇත
246 _aSada Basa Etha
260 _aSarasavi Pothhala
_aNugegoda
_c1996
300 _b183p, 18 cm
500 _aSinhalese Translation of John Steinbeck's of The Moon is Down
700 _aGoonatillaka,Daya
_etr.
942 _cBK
999 _c39967
_d39967
003 LK-CoDNM
040 _aLK-CoDNM
_dLK-CoDNM
_eLK-CoDNM